Praktické paralelné programovanie v jazykoch C# 4.0 a C++

Salvato in:
Dettagli Bibliografici
Autore principale: Hanák, Ján
Altri autori: Fecenko, Jozef, Cárachová, Magdaléna
Natura: Libro
Lingua:slovacco
Pubblicazione: Brno Artax 2009
Soggetti:
Tags: Aggiungi Tag
Nessun Tag, puoi essere il primo ad aggiungerne!!

MARC

LEADER 00000nam$a2200000$$$4500
001 0107161
005 20240502083252.2
020 |a 978-80-87017-06-7 
041 0 |a slo 
044 |a CZ 
245 1 0 |a Praktické paralelné programovanie v jazykoch C# 4.0 a C++  |c Ján Hanák 
264 1 |a Brno  |b Artax  |c 2009 
300 |a 132 s. [4,5 AH] 
610 2 0 |a jazyky programovacie 
610 2 0 |a programovanie počítačov 
610 2 0 |a programy počítačové 
100 1 |a Hanák, Ján 
700 1 |a Fecenko, Jozef 
700 1 |a Cárachová, Magdaléna